Πλουτάρχου βίοι παράλληλοι : (Φιλοποίμην - Τίτος) : αρχαίον κείμενον

Αποθηκεύτηκε σε:
Λεπτομέρειες βιβλιογραφικής εγγραφής
Κύριος συγγραφέας: Πλούταρχος, 46-120
Άλλοι συγγραφείς: Λαζάρου, Α. (Μεταφραστής), Παπακωνσταντίνου, Θ. Ι. (Σχολιαστής για γραπτό κείμενο)
Μορφή: Βιβλίο
Γλώσσα:Greek
Ancient Greek
Δημοσίευση: Αθήναι : Ι. Ν. Ζαχαρόπουλος, [1957]
Σειρά:Κλασσική βιβλιοθήκη. Αρχαίοι Έλληνες συγγραφείς ; 89
Θέματα:
Ετικέτες: Προσθήκη ετικέτας
Δεν υπάρχουν, Καταχωρήστε ετικέτα πρώτοι!

MARC

LEADER 00000cam a2200000 i 4500
001 1/78984
008 050617s1957 gr | ||| |||| ||gre||
035 |l 10078644 
040 |a GR-MyUa  |b gre  |e AACR2 
041 1 |a gre  |h grc 
082 7 |a 883.3   |2 (22) 
100 0 |a Πλούταρχος,   |d 46-120. 
245 1 0 |a Πλουτάρχου βίοι παράλληλοι :   |b (Φιλοποίμην - Τίτος) : αρχαίον κείμενον /   |c Πλούταρχος ; μετάφρασις Α. Λαζάρου ; σχόλια Θ. Παπακωνσταντίνου. 
246 1 |i Άλλες παραλλαγές του τίτλου:   |a Βίοι παράλληλοι 
260 |a Αθήναι :   |b Ι. Ν. Ζαχαρόπουλος,   |c [1957] 
300 |a 111 σ. ;   |c 21 εκ. 
490 1 |a (Κλασική βιβλιοθήκη. Αρχαίοι Έλληνες συγγραφείς ;   |v 89) 
500 |a Με:Πλουτάρχου βίοι παράλληλοι: (Πελοπίδας - Μάρκελλος) / Πλούταρχος. - Πλουτάρχου βίοι παράλληλοι: (Δημοσθένης - Κικέρων) / Πλούταρχος. - Πλουτάρχου βίοι παράλληλοι: (Αλκιβιάδης - Κοριολάνος) / Πλούταρχος 
600 1 0 |a Flamininus, Titus Quinctius,   |d approximately 227 B.C.-174 B.C. 
600 0 7 |2 nlgaf  |a Φιλοποίμην,   |d 252-182. 
651 0 |a Greece  |x Biography  |v Early works to 1800. 
651 0 |a Rome  |x Biography  |v Early works to 1800. 
700 1 |a Λαζάρου, Α.  |e trl 
700 1 |a Παπακωνσταντίνου, Θ. Ι.  |e cwt 
830 0 |a Κλασσική βιβλιοθήκη.   |p Αρχαίοι Έλληνες συγγραφείς ;  |v 89 
852 |a INST  |b RHODES  |c KRI  |e 20050617  |h  883.3 ΠΛΟ  |p 005400023284  |q 005400023284  |t BK  |y 0 
901 |a BIBL4-2005-2 
970 |a ΚΟΖΑ  |b ΜΑΡΙΑ  |z 2005/06/17